000
00263nam a2200109Ia 4500
999
_c
9820
_d
9820
020
_a
978-0072478655
100
_a
Meigs and Meigs
245
0
_a
Accounting the Basic for Business Decisions
260
_a
New York
_b
McGraw Hill
_c
2013
300
_a
154
942
_c
BK